Case studies in public sector procurement and design / (Record no. 13527)
[ view plain ]
| 000 -LEADER | |
|---|---|
| fixed length control field | 01698cam a2200373 a 4500 |
| 001 - CONTROL NUMBER | |
| control field | 13527 |
| 005 - DATE AND TIME OF LATEST TRANSACTION | |
| control field | 20260424073702.0 |
| 008 - FIXED-LENGTH DATA ELEMENTS--GENERAL INFORMATION | |
| fixed length control field | 030728s2002 enk 000 0 eng |
| 010 ## - LIBRARY OF CONGRESS CONTROL NUMBER | |
| LC control number | 2003464936 |
| 015 ## - NATIONAL BIBLIOGRAPHY NUMBER | |
| National bibliography number | GBA2-X3843 |
| 020 ## - INTERNATIONAL STANDARD BOOK NUMBER | |
| International Standard Book Number | 1903500095 |
| 020 ## - INTERNATIONAL STANDARD BOOK NUMBER | |
| International Standard Book Number | 9781903500095 |
| 035 ## - SYSTEM CONTROL NUMBER | |
| System control number | 13292192 |
| 035 ## - SYSTEM CONTROL NUMBER | |
| System control number | (OCoLC)49742236 |
| 040 ## - CATALOGING SOURCE | |
| Original cataloging agency | UKM |
| Transcribing agency | UKM |
| Modifying agency | DLC |
| -- | BSULIB |
| 042 ## - AUTHENTICATION CODE | |
| Authentication code | lccopycat |
| 043 ## - GEOGRAPHIC AREA CODE | |
| Geographic area code | e-uk--- |
| 050 00 - LIBRARY OF CONGRESS CALL NUMBER | |
| Classification number | JN865 |
| Item number | .B76 2002 |
| 082 04 - DEWEY DECIMAL CLASSIFICATION NUMBER | |
| Classification number | 352.53 |
| Edition number | 21 |
| Item number | BRO |
| 100 1# - MAIN ENTRY--PERSONAL NAME | |
| Personal name | Brooks, Alexis D. |
| 9 (RLIN) | 26429 |
| 245 10 - TITLE STATEMENT | |
| Title | Case studies in public sector procurement and design / |
| Statement of responsibility, etc | Alexis D. Brooks. |
| 260 ## - PUBLICATION, DISTRIBUTION, ETC. (IMPRINT) | |
| Place of publication, distribution, etc | Liverpool : |
| Name of publisher, distributor, etc | Liverpool Business, |
| Date of publication, distribution, etc | 2002. |
| 300 ## - PHYSICAL DESCRIPTION | |
| Extent | 176 p. ; |
| Dimensions | 22 cm. |
| 500 ## - GENERAL NOTE | |
| General note | Published in association with The Design Council. |
| 505 ## - FORMATTED CONTENTS NOTE | |
| Formatted contents note | 1. Procurement in the Public sector- best practice process using design factors <br/>2. Inland revenue case study <br/>3. Belfast city council case study- Cafe at the crematorium <br/>4. Government purchasing card case study <br/>5. Driving Standards Agency driving test theory case study <br/>6. Driver and Vehicle Licensing Agency case study <br/>7. Local authority procurement of waste management <br/>--Companion lecturers' aid for public sector design case studies |
| 650 #0 - SUBJECT ADDED ENTRY--TOPICAL TERM | |
| Topical term or geographic name as entry element | Government purchasing |
| Geographic subdivision | Great Britain |
| Form subdivision | Case studies. |
| 9 (RLIN) | 26430 |
| 650 #0 - SUBJECT ADDED ENTRY--TOPICAL TERM | |
| Topical term or geographic name as entry element | Public administration |
| Geographic subdivision | Great Britain |
| Form subdivision | Case studies. |
| 9 (RLIN) | 26431 |
| 655 #7 - INDEX TERM--GENRE/FORM | |
| Genre/form data or focus term | Case studies. |
| Source of term | lcgft |
| -- | 22953 |
| 710 2# - ADDED ENTRY--CORPORATE NAME | |
| Corporate name or jurisdiction name as entry element | Design Council. |
| 9 (RLIN) | 26432 |
| 906 ## - LOCAL DATA ELEMENT F, LDF (RLIN) | |
| a | 7 |
| b | cbc |
| c | copycat |
| d | 2 |
| e | ncip |
| f | 20 |
| g | y-gencatlg |
| 942 ## - ADDED ENTRY ELEMENTS (KOHA) | |
| Source of classification or shelving scheme | Dewey Decimal Classification |
| Item type | Books |
| Withdrawn status | Lost status | Source of classification or shelving scheme | Damaged status | Not for loan | Home library | Current library | Shelving location | Date acquired | Source of acquisition | Inventory number | Total Checkouts | Full call number | Barcode | Date last seen | Copy number | Price effective from | Koha item type | Public note |
|---|---|---|---|---|---|---|---|---|---|---|---|---|---|---|---|---|---|---|
| Dewey Decimal Classification | Main Library | Main Library | Reserve Book Section | 01/04/2011 | Purchased | 22879 | 352.53 BRO | bsu26040316 | 24/04/2026 | 001 | 24/04/2026 | Books | Material available in hard copy |